„Spoločník“ verzus „konateľ“ spoločnosti s ručením obmedzeným
Vymedzenie „spoločníka“ a „konateľa“ spoločnosti s ručením obmedzeným podľa Obchodného zákonníka. Spoločník spoločnosti s ručením obmedzeným – vklad spoločníka, účasť spoločníka na valnom zhromaždení, prevod obchodného podielu spoločníka a vylúčenie spoločníka. Konateľ spoločnosti s ručením obmedzen...
Saved in:
| Main Author: | |
|---|---|
| Format: | Book Chapter |
| Language: | Slovak |
| Subjects: | |
| Tags: |
No Tags, Be the first to tag this record!
|
MARC
| LEADER | 00000naa a2200000 4500 | ||
|---|---|---|---|
| 001 | 0304725 | ||
| 005 | 20241022140700.5 | ||
| 041 | 0 | |a slo | |
| 044 | |a SK | ||
| 245 | 1 | 0 | |a „Spoločník“ verzus „konateľ“ spoločnosti s ručením obmedzeným |c Lucia Boráková |
| 520 | |a Vymedzenie „spoločníka“ a „konateľa“ spoločnosti s ručením obmedzeným podľa Obchodného zákonníka. Spoločník spoločnosti s ručením obmedzeným – vklad spoločníka, účasť spoločníka na valnom zhromaždení, prevod obchodného podielu spoločníka a vylúčenie spoločníka. Konateľ spoločnosti s ručením obmedzeným – predpoklady vymenovania do funkcie konateľa a povinnosti konateľa. | ||
| 610 | 2 | 0 | |a spoločnosti s r.o. |
| 610 | 2 | 0 | |a spoločníci |
| 610 | 2 | 0 | |a konatelia |
| 610 | 2 | 0 | |a zákonník obchodný |
| 610 | 2 | 0 | |a právo obchodné |
| 610 | 2 | 0 | |a osoby fyzické |
| 610 | 2 | 0 | |a osoby právnické |
| 100 | 1 | |a Boráková, Lucia | |